[Event "CYCC U14"]
[Site "Windsor CAN"]
[Date "2010.07.07"]
[Round "3"]
[White "Semianiuk, Konstantin"]
[Black "Leu, Richard"]
[Result "1-0"]
[WhiteElo "2041"]
[BlackElo "2036"]
[PlyCount "123"]
[EventDate "2010.07.06"]
[EventType "swiss"]
[EventRounds "7"]
[EventCountry "CAN"]

1. d4 Nf6 2. Nf3 d5 3. e3 e6 4. Nbd2 Bd6 5. Bd3 Nbd7 6. Qe2 c5 7. c3 O-O 8. O-O
Re8 9. e4 dxe4 10. Nxe4 Nxe4 11. Qxe4 f5 12. Qe2 h6 13. Re1 Qf6 14. Qc2 Kf8 15.
b3 cxd4 16. cxd4 Nb6 17. Ne5 Bxe5 18. dxe5 Qh4 19. Ba3+ Kg8 20. Rac1 Bd7 21.
Qd2 Bc6 22. Bc5 Qg4 23. Bf1 Rad8 24. Qe3 Nd5 25. Qg3 Qxg3 26. hxg3 Rc8 27. Red1
Kf7 28. a4 a6 29. Bd3 Red8 30. Bd6 Ke8 31. f3 Kf7 32. Kf2 Rh8 33. Rc2 Rhd8 34.
Rcd2 h5 35. Bc4 g6 36. a5 Ne7 37. Bxe7 Rxd2+ 38. Rxd2 Kxe7 39. Rd6 Bd7 40. Ke3
Rc6 41. Rxc6 Bxc6 42. Kd4 g5 43. b4 g4 44. Ke3 Bd7 45. Kf4 Bc6 46. Be2 Bd7 47.
Kg5 Be8 48. Bd1 Kf7 49. Kxh5 gxf3 50. Bxf3 Ke7+ 51. Kg5 Bb5 52. Bxb7 Be2 53.
Bf3 Bf1 54. Bc6 Kd8 55. Kf6 Bc4 56. Bf3 Kd7 57. g4 fxg4 58. Bxg4 Bd5 59. Bf3
Bc4 60. g4 Bb5 61. g5 Bd3 62. g6 1-0

[Event "CYCC U14"]
[Site "Windsor CAN"]
[Date "2010.07.07"]
[Round "4"]
[White "Bacic, Andrew"]
[Black "Chuchin, Sasha"]
[Result "0-1"]
[WhiteElo "1156"]
[BlackElo "1480"]
[PlyCount "96"]
[EventDate "2010.07.06"]
[EventType "swiss"]
[EventRounds "7"]
[EventCountry "CAN"]

1. d4 d5 2. Nf3 Bf5 3. Nc3 e6 4. Bf4 Bb4 5. Qd2 Nc6 6. O-O-O Qd7 7. Ne5 Nxe5 8.
Bxe5 f6 9. Bf4 a6 10. e3 Ne7 11. a3 Bd6 12. Bxd6 Qxd6 13. Bd3 O-O-O 14. e4 dxe4
15. Nxe4 Qxd4 16. f3 Bxe4 17. fxe4 Ng6 18. g3 Ne5 19. Qe2 Nxd3+ 20. cxd3 Qc5+
21. Kb1 Qe7 22. d4 Rd7 23. Rd2 Rhd8 24. Rhd1 g6 25. Qe3 Qg7 26. d5 exd5 27.
exd5 Kb8 28. Rd3 Rd6 29. Qf3 Qf7 30. Rb3 Rxd5 31. Rxd5 Rxd5 32. Ka2 Rb5 33. Qd3
Qxb3+ 34. Qxb3 Rxb3 35. Kxb3 c6 36. Kc4 Kc7 37. a4 a5 38. Kd4 Kd6 39. Ke4 b5
40. axb5 cxb5 41. Kd4 a4 42. Kc3 Kc5 43. Kc2 b4 44. Kb1 b3 45. Kc1 Kb4 46. Kb1
a3 47. bxa3+ Kxa3 48. Kc1 Ka2 0-1

[Event "CYCC U14"]
[Site "Windsor CAN"]
[Date "2010.07.07"]
[Round "4"]
[White "Cheng, Guy"]
[Black "Schneider, Corin"]
[Result "0-1"]
[WhiteElo "1404"]
[BlackElo "1630"]
[PlyCount "80"]
[EventDate "2010.07.06"]
[EventType "swiss"]
[EventRounds "7"]
[EventCountry "CAN"]

1. d4 d5 2. c4 c6 3. Nc3 Nf6 4. Bg5 e6 5. Nf3 Nbd7 6. Ne5 Be7 7. Bxf6 Bxf6 8.
Ng4 Be7 9. e4 dxe4 10. Nxe4 f5 11. Nc5 Qa5+ 12. Qd2 Qxd2+ 13. Kxd2 Nxc5 14.
dxc5 fxg4 15. b4 O-O 16. Ke2 b6 17. cxb6 axb6 18. g3 Bxb4 19. Bg2 Bc5 20. f3
Bd4 21. Rad1 Rxa2+ 22. Rd2 gxf3+ 23. Bxf3 Rxd2+ 24. Kxd2 Rxf3 25. Re1 Bc3+ 26.
Ke2 Bxe1 27. Kxf3 e5 28. Ke2 Bc3 29. c5 bxc5 30. h4 Ba6+ 31. Kd1 Kf7 32. g4 h6
33. Kc2 Bd4 34. Kd2 g5 35. h5 Ke6 36. Kc2 e4 37. Kb3 e3 38. Kc2 e2 39. Kb3 e1=Q
40. Ka4 Qb4# 0-1

[Event "CYCC U14"]
[Site "Windsor CAN"]
[Date "2010.07.07"]
[Round "4"]
[White "Farrant-Diaz, Nathan"]
[Black "Itkin, David"]
[Result "0-1"]
[WhiteElo "1713"]
[BlackElo "1966"]
[PlyCount "30"]
[EventDate "2010.07.06"]
[EventType "swiss"]
[EventRounds "7"]
[EventCountry "CAN"]

1. e4 c5 2. Nc3 Nc6 3. g3 g6 4. Bg2 Bg7 5. d3 e6 6. Be3 d6 7. Qd2 Nge7 8. Bh6
Bxh6 9. Qxh6 Qb6 10. Nd1 Bd7 11. Nf3 O-O-O 12. Qf4 d5 13. Qxf7 dxe4 14. dxe4
Qb4+ 15. Nd2 Qxd2+ 0-1

[Event "CYCC U14"]
[Site "Windsor CAN"]
[Date "2010.07.07"]
[Round "4"]
[White "Jeyapragasan, Kuhan"]
[Black "Granville, Matt"]
[Result "1-0"]
[WhiteElo "1147"]
[BlackElo "893"]
[PlyCount "53"]
[EventDate "2010.07.06"]
[EventType "swiss"]
[EventRounds "7"]
[EventCountry "CAN"]

1. e4 e6 2. d4 Bb4+ 3. Bd2 Be7 4. Nf3 h6 5. c4 a5 6. Nc3 Nf6 7. Be2 O-O 8. O-O
g6 9. Bxh6 Re8 10. Bf4 Kg7 11. Nb5 Rh8 12. Nxc7 Ng4 13. h3 Nf6 14. Nxa8 Qg8 15.
Bxb8 Qh7 16. Ng5 Qh6 17. Bf4 Ng4 18. Nxe6+ Kg8 19. Bxh6 Rxh6 20. Bxg4 d6 21.
Qd2 Bxe6 22. Qxh6 Bxg4 23. hxg4 d5 24. cxd5 Bb4 25. Nc7 Bf8 26. Qh4 g5 27.
Qxg5+ 1-0

[Event "CYCC U14"]
[Site "Windsor CAN"]
[Date "2010.07.07"]
[Round "4"]
[White "Kalra, Agastya"]
[Black "Gagnon, Justin"]
[Result "1-0"]
[WhiteElo "2004"]
[BlackElo "1824"]
[PlyCount "115"]
[EventDate "2010.07.06"]
[EventType "swiss"]
[EventRounds "7"]
[EventCountry "CAN"]

1. e4 e6 2. d4 d5 3. Nc3 Bb4 4. e5 c5 5. a3 Bxc3+ 6. bxc3 Qa5 7. Bd2 Qa4 8. Qg4
g6 9. Ra2 Nc6 10. Nf3 c4 11. Be2 Bd7 12. O-O Nge7 13. Rb1 O-O-O 14. Bg5 h5 15.
Qf4 Rdf8 16. Bf6 Rhg8 17. Ng5 Nf5 18. Nh7 Re8 19. Bg5 Rh8 20. Nf6 Ref8 21. Nxd7
Kxd7 22. Rxb7+ Kc8 23. Rb1 Kc7 24. Qc1 Rb8 25. Rxb8 Rxb8 26. Rb2 Rxb2 27. Qxb2
Nce7 28. h3 Nc6 29. f3 Qa5 30. Kh2 Qb6 31. Qxb6+ axb6 32. g4 hxg4 33. fxg4 Ng7
34. h4 Kd7 35. h5 gxh5 36. gxh5 Ne7 37. h6 Ngf5 38. Bh5 Nxh6 39. Bxh6 Nf5 40.
Bg5 Ke8 41. a4 Ng7 42. Bg4 Kf8 43. Bd8 Nf5 44. Bxf5 exf5 45. Bxb6 Ke8 46. a5
Kd7 47. a6 Kc8 48. a7 Kb7 49. Kg3 Ka8 50. Kf4 Kb7 51. Kxf5 Ka8 52. Kf6 Kb7 53.
Kxf7 Kxb6 54. a8=Q Kc7 55. Ke7 Kb6 56. Kd6 Kb5 57. Qb7+ Ka4 58. Qb4# 1-0

[Event "CYCC U14"]
[Site "Windsor CAN"]
[Date "2010.07.07"]
[Round "4"]
[White "Leu, Richard"]
[Black "Chan, Alex"]
[Result "0-1"]
[WhiteElo "2036"]
[BlackElo "1820"]
[PlyCount "110"]
[EventDate "2010.07.06"]
[EventType "swiss"]
[EventRounds "7"]
[EventCountry "CAN"]

1. d4 d5 2. c4 dxc4 3. Nf3 Nf6 4. e3 e6 5. Bxc4 a6 6. O-O c5 7. Qe2 b5 8. Bb3
Bb7 9. Nc3 Nbd7 10. Rd1 Qc7 11. e4 cxd4 12. e5 Nxe5 13. Nxe5 dxc3 14. Bf4 Bc5
15. bxc3 O-O 16. Kh1 Qb6 17. f3 h6 18. Bc2 Rfd8 19. Rdb1 Nd5 20. Nc4 Nxf4 21.
Nxb6 Nxe2 22. Nxa8 Bxa8 23. Rd1 Bd5 24. Rd3 Rc8 25. Bb3 Bc4 26. Rd7 g6 27. Re1
Nxc3 28. Bxc4 bxc4 29. Rc1 Nxa2 30. Rxc4 Rb8 31. g3 Bb4 32. Rcc7 Rf8 33. h4 a5
34. Rd4 Nc3 35. h5 Nb5 36. Rxb4 Nxc7 37. Rb7 Nd5 38. Ra7 gxh5 39. Rxa5 Kg7 40.
Ra4 Kg6 41. Kg2 Rc8 42. Ra2 Rc4 43. Rd2 h4 44. gxh4 Rxh4 45. Kg3 Rc4 46. Re2 h5
47. Rd2 Ne3 48. Ra2 Nf5+ 49. Kf2 Rf4 50. Kg2 e5 51. Ra6+ f6 52. Ra3 Nd4 53. Ra4
Rxf3 54. Rxd4 exd4 55. Kxf3 Kf5 0-1

[Event "CYCC U14"]
[Site "Windsor CAN"]
[Date "2010.07.07"]
[Round "4"]
[White "Myers, Joshua"]
[Black "Bao, Tony"]
[Result "1-0"]
[WhiteElo "1498"]
[BlackElo "1221"]
[PlyCount "69"]
[EventDate "2010.07.06"]
[EventType "swiss"]
[EventRounds "7"]
[EventCountry "CAN"]

1. e4 d5 2. exd5 Nf6 3. Nc3 g6 4. g3 Bg4 5. f3 Bf5 6. Bg2 Bg7 7. f4 Nbd7 8. d3
O-O 9. Nf3 Nb6 10. O-O Nfxd5 11. Bd2 c6 12. Kh1 Nxc3 13. Bxc3 Bxc3 14. bxc3 Nd5
15. Qd2 Re8 16. Rab1 Rb8 17. Rb3 f6 18. Rfb1 b6 19. Nd4 Qd6 20. c4 Nc7 21. Nxc6
Ra8 22. Re1 Bd7 23. Nb4 Rab8 24. d4 Ne6 25. Bd5 Kf8 26. Rbe3 Nc7 27. Bg2 a5 28.
Nd5 Nxd5 29. cxd5 Bc8 30. c4 Ba6 31. Re6 Qc7 32. Qe3 Rbd8 33. c5 Bc4 34. d6
exd6 35. Rxe8+ 1-0

[Event "CYCC U14"]
[Site "Windsor CAN"]
[Date "2010.07.07"]
[Round "4"]
[White "Passador, Stephen"]
[Black "Posaratnanathan, Juliaan"]
[Result "0-1"]
[WhiteElo "1362"]
[BlackElo "1768"]
[PlyCount "122"]
[EventDate "2010.07.06"]
[EventType "swiss"]
[EventRounds "7"]
[EventCountry "CAN"]

1. d4 Nf6 2. c4 e6 3. Nc3 Bb4 4. Nf3 b6 5. Bd2 O-O 6. a3 Bxc3 7. Bxc3 Ba6 8. e3
d6 9. b4 Nbd7 10. Be2 Bb7 11. O-O Ne4 12. Qc2 f5 13. Nd2 Qg5 14. Nf3 Qg6 15.
Rac1 Nxc3 16. Qxc3 c5 17. Rfd1 Nf6 18. bxc5 dxc5 19. dxc5 Ne4 20. Qe5 Nxc5 21.
Qf4 Rad8 22. Qg5 Qxg5 23. Nxg5 e5 24. f3 f4 25. e4 h6 26. Nh3 Nb3 27. Rb1 Nd4
28. Kf2 Rc8 29. Rdc1 Rc5 30. Rc3 Rfc8 31. Kf1 Nxe2 32. Kxe2 Rxc4 33. Rcb3 Rc2+
34. Kf1 Rd2 35. R3b2 Rcc2 36. Rxc2 Rxc2 37. Ra1 Ba6+ 38. Kg1 Bc4 39. Nf2 Kf7
40. Ng4 Ke6 41. h4 h5 42. Nf2 b5 43. Nh3 Ra2 44. Rxa2 Bxa2 45. Ng5+ Kd6 46. Kf2
Bg8 47. Ke2 Kc5 48. Kd3 a5 49. Kc2 Bc4 50. Kc3 b4+ 51. axb4+ axb4+ 52. Kc2 Kd4
53. Kd2 b3 54. g4 fxg3 55. f4 exf4 56. Kd1 g2 57. Kd2 Bd3 58. Nh3 b2 59. Nf2
b1=Q 60. Nxd3 Qxd3+ 61. Ke1 g1=Q# 0-1

[Event "CYCC U14"]
[Site "Windsor CAN"]
[Date "2010.07.07"]
[Round "4"]
[White "Qin, Zi Yi (Joey)"]
[Black "Florea, Alexandru"]
[Result "1-0"]
[WhiteElo "2340"]
[BlackElo "2076"]
[PlyCount "104"]
[EventDate "2010.07.06"]
[EventType "swiss"]
[EventRounds "7"]
[EventCountry "CAN"]

1. e4 c5 2. Nf3 d6 3. d4 cxd4 4. Nxd4 Nf6 5. Nc3 g6 6. Be3 Bg7 7. f3 Nc6 8. Qd2
O-O 9. Bc4 Bd7 10. O-O-O Rb8 11. Bb3 Na5 12. Bh6 Bxh6 13. Qxh6 b5 14. g4 Nc4
15. h4 e6 16. h5 Qe7 17. Bxc4 bxc4 18. Rd2 Rb7 19. Rdh2 Be8 20. Nde2 Kh8 21.
Qf4 Kg8 22. Qh6 Kh8 23. Qe3 Kg8 24. Ng3 Bc6 25. g5 Ne8 26. f4 d5 27. Nge2 Qb4
28. Nd1 Nd6 29. hxg6 fxg6 30. Qh3 Re8 31. Nd4 Nxe4 32. Nxc6 Qa4 33. Ne5 Qxa2
34. c3 Qa1+ 35. Kc2 Qa4+ 36. Kb1 Nc5 37. Qe3 Nb3 38. Ng4 Ree7 39. Nf6+ Kh8 40.
Nxh7 Rxh7 41. Qe5+ Kg8 42. Qxe6+ Rbf7 43. Qxg6+ Rfg7 44. Qe6+ Rf7 45. Qg6+ Rfg7
46. Qe6+ Rf7 47. Qe3 Re7 48. Rxh7 Rxe3 49. Rh8+ Kg7 50. R8h7+ Kg8 51. Nxe3 Nd2+
52. Kc1 Nb3+ 1-0

[Event "CYCC U14"]
[Site "Windsor CAN"]
[Date "2010.07.07"]
[Round "4"]
[White "Sohal, Tanraj"]
[Black "Semianiuk, Konstantin"]
[Result "1-0"]
[WhiteElo "2094"]
[BlackElo "2041"]
[PlyCount "67"]
[EventDate "2010.07.06"]
[EventType "swiss"]
[EventRounds "7"]
[EventCountry "CAN"]

1. d4 d5 2. c4 c6 3. cxd5 cxd5 4. Nc3 Nc6 5. Bf4 a6 6. e3 Nf6 7. Bd3 e6 8. Nge2
Be7 9. O-O O-O 10. Rc1 Bd7 11. Qd2 b5 12. b3 Qb6 13. Bg3 Rac8 14. f3 Rfd8 15.
Bf2 Qb7 16. e4 dxe4 17. fxe4 Be8 18. h3 Ba3 19. Rcd1 Nb4 20. Bh4 Nxd3 21. Qxd3
Be7 22. e5 Nd5 23. Bxe7 Nxe7 24. Ne4 Bc6 25. Nd6 Rxd6 26. exd6 Nf5 27. d5 Bxd5
28. d7 Rd8 29. Rxf5 Be4 30. Qd6 exf5 31. Qe7 Qa8 32. Rc1 Bb7 33. Rc7 Qa7+ 34.
Kh1 1-0

[Event "CYCC U14"]
[Site "Windsor CAN"]
[Date "2010.07.07"]
[Round "4"]
[White "Su, Stanley"]
[Black "Haggith, Robert"]
[Result "1-0"]
[WhiteElo "1608"]
[BlackElo "906"]
[PlyCount "55"]
[EventDate "2010.07.06"]
[EventType "swiss"]
[EventRounds "7"]
[EventCountry "CAN"]

1. e4 e5 2. Nf3 Nc6 3. Bc4 Nf6 4. d3 Bc5 5. O-O O-O 6. Bg5 h6 7. Bh4 Nd4 8.
Nxe5 Qe8 9. Bxf6 gxf6 10. Ng6 Ne6 11. Nxf8 Nxf8 12. Kh1 Qe5 13. c3 Bd6 14. f4
Qc5 15. Qg4+ Kh7 16. Bxf7 h5 17. Qg8+ Kh6 18. Qh8+ Nh7 19. Bg8 Bxf4 20. Qxh7+
Kg5 21. Bf7 Kg4 22. h3+ Kg3 23. Rf3+ Kh4 24. Rxf4+ Kg3 25. Rf3+ Kh4 26. Rf5 Qe3
27. Qxh5+ Kg3 28. Qg4# 1-0

[Event "CYCC U14"]
[Site "Windsor CAN"]
[Date "2010.07.07"]
[Round "4"]
[White "Zhao, Donovan"]
[Black "Wang, Yuekai"]
[Result "1/2-1/2"]
[WhiteElo "1650"]
[BlackElo "1915"]
[PlyCount "48"]
[EventDate "2010.07.06"]
[EventType "swiss"]
[EventRounds "7"]
[EventCountry "CAN"]

1. e4 c5 2. Nf3 Nc6 3. d4 cxd4 4. Nxd4 Nf6 5. Nc3 e6 6. Ndb5 Bb4 7. a3 Bxc3+ 8.
Nxc3 d5 9. exd5 exd5 10. Bd3 O-O 11. O-O Bg4 12. Be2 Be6 13. Bg5 Rb8 14. Rb1
Rc8 15. Bf3 Ne5 16. Bxd5 Rxc3 17. Bxe6 Qxd1 18. Rfxd1 Rxc2 19. Bb3 Rc6 20. Bxf6
Rxf6 21. f3 g6 22. Rbc1 Re8 23. Rc7 Rb6 24. Ba4 Ree6 1/2-1/2

[Event "CYCC U14"]
[Site "Windsor CAN"]
[Date "2010.07.08"]
[Round "5"]
[White "Bao, Tony"]
[Black "Cheng, Guy"]
[Result "1-0"]
[WhiteElo "1221"]
[BlackElo "1404"]
[PlyCount "141"]
[EventDate "2010.07.06"]
[EventType "swiss"]
[EventRounds "7"]
[EventCountry "CAN"]

1. d4 Nf6 2. e3 g6 3. Bd3 Bg7 4. Nf3 d6 5. c4 O-O 6. Nc3 Bg4 7. h3 Bxf3 8. Qxf3
Nc6 9. a3 e5 10. d5 Ne7 11. e4 Nd7 12. g4 c6 13. Qg3 cxd5 14. Nxd5 Nxd5 15.
cxd5 Nc5 16. Bc2 Rc8 17. Be3 a6 18. O-O Nd7 19. Bd3 Nc5 20. Bc2 b5 21. Rab1 Kh8
22. b4 Nd7 23. Rfc1 Rc3 24. Ra1 Nb6 25. Bd1 Rxc1 26. Bxc1 Qd7 27. Ra2 f5 28. f3
f4 29. Qf2 Nc4 30. Rc2 Rc8 31. Kh1 Bf6 32. Be2 Kg7 33. Bd3 Bd8 34. Qe2 Nb6 35.
Kh2 Bh4 36. Bb2 Bg3+ 37. Kh1 h5 38. Kg1 Qa7 39. Kf1 hxg4 40. fxg4 Rxc2 41. Qxc2
Nc4 42. Bxc4 bxc4 43. Qe2 Qe3 44. Qxe3 fxe3 45. Ke2 Bf4 46. Bc3 Kf7 47. Be1 g5
48. Kd1 Ke7 49. Kc2 Kd7 50. Kc3 Kc7 51. Kxc4 Kb6 52. a4 Bh2 53. a5+ Kb7 54. Kd3
Bf4 55. h4 gxh4 56. Bxh4 Bh6 57. g5 Bg7 58. Kxe3 Kc7 59. Kf3 Kd7 60. Kg4 Bf8
61. g6 Kc8 62. Kf5 Kc7 63. Ke6 Kc8 64. Be7 Bh6 65. Kxd6 Bf8 66. Bxf8 Kb7 67. g7
Ka7 68. g8=Q Kb7 69. Qf7+ Ka8 70. Kc6 Kb8 71. Qb7# 1-0

[Event "CYCC U14"]
[Site "Windsor CAN"]
[Date "2010.07.08"]
[Round "5"]
[White "Chan, Alex"]
[Black "Semianiuk, Konstantin"]
[Result "0-1"]
[WhiteElo "1820"]
[BlackElo "2041"]
[PlyCount "82"]
[EventDate "2010.07.06"]
[EventType "swiss"]
[EventRounds "7"]
[EventCountry "CAN"]

1. e4 c5 2. Nf3 Nc6 3. Nc3 e5 4. Bc4 Be7 5. d3 Nf6 6. Nd2 d6 7. Nf1 Nd4 8. Ne3
O-O 9. O-O Be6 10. Ned5 Nxd5 11. Bxd5 Qd7 12. f4 Bg4 13. Qd2 exf4 14. Rxf4 Bg5
15. Rxf7 Bxd2 16. Rxd7+ Kh8 17. Bxd2 Bxd7 18. Rc1 Bc6 19. Be3 Bxd5 20. Bxd4 Be6
21. Bf2 a6 22. b3 b5 23. a3 Rac8 24. Ne2 a5 25. Bg3 Rfd8 26. h3 Kg8 27. d4 Bf7
28. dxc5 dxc5 29. e5 b4 30. a4 Rd2 31. Nf4 g5 32. e6 gxf4 33. exf7+ Kxf7 34.
Bxf4 Rd5 35. Kf2 c4 36. Ke2 cxb3 37. cxb3 Rc3 38. Rb1 Rdd3 39. Bc7 Rd5 40. Rd1
Rxd1 41. Kxd1 Rxc7 0-1

[Event "CYCC U14"]
[Site "Windsor CAN"]
[Date "2010.07.08"]
[Round "5"]
[White "Chuchin, Sasha"]
[Black "Passador, Stephen"]
[Result "1-0"]
[WhiteElo "1480"]
[BlackElo "1362"]
[PlyCount "103"]
[EventDate "2010.07.06"]
[EventType "swiss"]
[EventRounds "7"]
[EventCountry "CAN"]

1. e4 c5 2. Nf3 e6 3. d4 d5 4. exd5 exd5 5. h3 Nc6 6. a3 Nf6 7. Nc3 Be7 8. Be2
O-O 9. O-O Bf5 10. Be3 b6 11. Bb5 Rc8 12. Rc1 Nb8 13. Nh4 Be4 14. Nxe4 Nxe4 15.
Nf3 c4 16. c3 a6 17. Ba4 b5 18. Bc2 f5 19. Bf4 Bd6 20. Bxd6 Qxd6 21. Bxe4 fxe4
22. Ne5 Nc6 23. Nxc6 Rxc6 24. Qe2 Re8 25. Rfe1 Qf4 26. Qe3 Qxe3 27. Rxe3 Rce6
28. Rce1 g5 29. f3 Kg7 30. fxe4 Rxe4 31. Rxe4 Rxe4 32. Rxe4 dxe4 33. Kf2 Kf6
34. Ke3 h5 35. Kxe4 g4 36. hxg4 hxg4 37. Kf4 Ke6 38. Kxg4 Kd6 39. Kf5 Kc6 40.
g4 Kb6 41. g5 Ka5 42. g6 Ka4 43. g7 a5 44. g8=Q b4 45. cxb4 axb4 46. Qxc4 Ka5
47. Qxb4+ Ka6 48. d5 Ka7 49. d6 Ka8 50. d7 Ka7 51. d8=Q Ka6 52. Qdb6# 1-0

[Event "CYCC U14"]
[Site "Windsor CAN"]
[Date "2010.07.08"]
[Round "5"]
[White "Florea, Alexandru"]
[Black "Zhao, Donovan"]
[Result "1-0"]
[WhiteElo "2076"]
[BlackElo "1656"]
[PlyCount "107"]
[EventDate "2010.07.06"]
[EventType "swiss"]
[EventRounds "7"]
[EventCountry "CAN"]

1. e4 d6 2. d4 Nf6 3. Nc3 g6 4. Nf3 Bg7 5. Be2 O-O 6. O-O Bg4 7. h3 Bxf3 8.
Bxf3 e5 9. dxe5 dxe5 10. Bg5 Nbd7 11. Qe2 c6 12. Bg4 Qc7 13. Bxd7 Nxd7 14. Rad1
Nb6 15. a4 f6 16. Be3 Rad8 17. a5 Nc8 18. b4 Rxd1 19. Rxd1 Rd8 20. Rxd8+ Qxd8
21. Qc4+ Kh8 22. Qe6 a6 23. Bc5 Bf8 24. Bxf8 Qxf8 25. Na4 Nd6 26. Nc5 Qd8 27.
Nd7 Nxe4 28. f3 Ng5 29. Qxf6+ Qxf6 30. Nxf6 Kg7 31. Ne8+ Kf8 32. Nd6 Ke7 33.
Nxb7 Ne6 34. Kf2 Nd4 35. Nc5 Nxc2 36. Nxa6 Kd8 37. Kg3 Kc8 38. Kg4 h6 39. h4
Ne3+ 40. Kg3 Nd5 41. h5 g5 42. Kf2 Kb7 43. Nc5+ Ka7 44. Nd3 Ka6 45. Nxe5 Nxb4
46. Nf7 Kxa5 47. Nxh6 Nd3+ 48. Ke3 Nf4 49. g4 c5 50. Nf7 Ne6 51. h6 Nf8 52.
Nxg5 c4 53. Kd2 Kb4 54. h7 1-0

[Event "CYCC U14"]
[Site "Windsor CAN"]
[Date "2010.07.08"]
[Round "5"]
[White "Gagnon, Justin"]
[Black "Myers, Joshua"]
[Result "0-1"]
[WhiteElo "1824"]
[BlackElo "1498"]
[PlyCount "126"]
[EventDate "2010.07.06"]
[EventType "swiss"]
[EventRounds "7"]
[EventCountry "CAN"]

1. b3 d5 2. Bb2 c5 3. e3 e6 4. Nf3 Nc6 5. Bb5 Bd7 6. Bxc6 Bxc6 7. d3 Nf6 8.
Nbd2 Be7 9. Qe2 b5 10. O-O O-O 11. Ne5 Bb7 12. d4 c4 13. c3 Nd7 14. Ndf3 f6 15.
Nxd7 Qxd7 16. b4 a5 17. a3 axb4 18. axb4 Rxa1 19. Rxa1 Ra8 20. Qd1 Qc8 21. Nd2
e5 22. dxe5 fxe5 23. Nf3 Bf6 24. Kf1 Kf7 25. Ke2 Ke6 26. Rxa8 Qxa8 27. Qa1 Qxa1
28. Bxa1 Kf5 29. Bb2 g5 30. h3 h5 31. Bc1 g4 32. hxg4+ hxg4 33. Ne1 d4 34. exd4
exd4 35. cxd4 Bxd4 36. Nc2 Bb6 37. Be3 Bd8 38. g3 Be7 39. Nd4+ Ke5 40. Nxb5
Bxb4 41. Bd2 Be7 42. Nc3 Bc6 43. Nd1 Bf3+ 44. Ke1 Ke4 45. Nb2 Kd4 46. Nd1 Bxd1
47. Kxd1 Kd3 48. Bc1 c3 49. Ke1 c2 50. f3 gxf3 51. Kf2 Ke4 52. g4 Bc5+ 53. Kg3
Be3 54. Bb2 c1=Q 55. Bxc1 Bxc1 56. g5 Bxg5 57. Kf2 Bh4+ 58. Kg1 f2+ 59. Kh2 Ke3
60. Kg2 Ke2 61. Kh2 Bd8 62. Kg3 f1=Q 63. Kg4 Qf3# 0-1

[Event "CYCC U14"]
[Site "Windsor CAN"]
[Date "2010.07.08"]
[Round "5"]
[White "Granville, Matt"]
[Black "Haggith, Robert"]
[Result "0-1"]
[WhiteElo "893"]
[BlackElo "906"]
[PlyCount "22"]
[EventDate "2010.07.06"]
[EventType "swiss"]
[EventRounds "7"]
[EventCountry "CAN"]

1. e3 e5 2. Bc4 Qh4 3. Bb3 Nf6 4. g3 Qe4 5. f3 Qc6 6. f4 Qxh1 7. Qh5 Qxg1+ 8.
Ke2 Nxh5 9. Nc3 Qxh2+ 10. Kf1 Nxg3+ 11. Ke1 Qg1# 0-1

[Event "CYCC U14"]
[Site "Windsor CAN"]
[Date "2010.07.08"]
[Round "5"]
[White "Posaratnanathan, Juliaan"]
[Black "Leu, Richard"]
[Result "0-1"]
[WhiteElo "1768"]
[BlackElo "2036"]
[PlyCount "47"]
[EventDate "2010.07.06"]
[EventType "swiss"]
[EventRounds "7"]
[EventCountry "CAN"]

1. e4 c5 2. Nf3 d6 3. d4 cxd4 4. Nxd4 Nf6 5. Nc3 a6 6. Qf3 Qc7 7. Be3 e6 8. h3
Nbd7 9. g4 h6 10. Be2 b5 11. a3 Bb7 12. Qg2 Nc5 13. f3 d5 14. exd5 Nxd5 15.
Nxd5 Bxd5 16. O-O-O Rc8 17. Kb1 Na4 18. Bd3 Nxb2 19. Kxb2 Qc3+ 20. Kb1 Bxa3 21.
Bc1 Bxc1 22. Kxc1 Qa1+ 23. Kd2 Qxd4 24. Ke1 0-1

[Event "CYCC U14"]
[Site "Windsor CAN"]
[Date "2010.07.08"]
[Round "5"]
[White "Qin, Zi Yi (Joey)"]
[Black "Sohal, Tanraj"]
[Result "1/2-1/2"]
[WhiteElo "2340"]
[BlackElo "2094"]
[PlyCount "49"]
[EventDate "2010.07.06"]
[EventType "swiss"]
[EventRounds "7"]
[EventCountry "CAN"]

1. e4 c5 2. Nf3 Nc6 3. d4 cxd4 4. Nxd4 Nf6 5. Nc3 e5 6. Ndb5 d6 7. Bg5 a6 8.
Na3 Be6 9. Nc4 Rc8 10. Bxf6 Qxf6 11. Nb6 Rb8 12. Ncd5 Qd8 13. c3 Ne7 14. Qa4+
Bd7 15. Nxd7 Qxd7 16. Qxd7+ Kxd7 17. Ne3 g6 18. Rd1 b5 19. Be2 f5 20. f3 Bh6
21. Nc2 Ke6 22. O-O Rb6 23. Nb4 Be3+ 24. Kh1 Bc5 25. Nd5 1/2-1/2

[Event "CYCC U14"]
[Site "Windsor CAN"]
[Date "2010.07.08"]
[Round "5"]
[White "Schneider, Corin"]
[Black "Farrant-Diaz, Nathan"]
[Result "1/2-1/2"]
[WhiteElo "1630"]
[BlackElo "1716"]
[PlyCount "59"]
[EventDate "2010.07.06"]
[EventType "swiss"]
[EventRounds "7"]
[EventCountry "CAN"]

1. d4 b6 2. c4 Bb7 3. Nf3 e6 4. Nc3 Nf6 5. Bg5 d5 6. e3 Nbd7 7. Bd3 dxc4 8.
Bxc4 h6 9. Bxf6 Nxf6 10. O-O Bd6 11. Rc1 O-O 12. Qe2 Ng4 13. e4 Bf4 14. Rc2 Nf6
15. Ba6 Bxa6 16. Qxa6 Nd7 17. Qc4 a6 18. Ne2 Qf6 19. Nxf4 Qxf4 20. Qxc7 Qxe4
21. Re1 Qd5 22. Qc6 Rac8 23. Qxd5 exd5 24. Rec1 Rxc2 25. Rxc2 Re8 26. g3 Kf8
27. Kf1 Re6 28. Re2 Ke7 29. Nh4 Rxe2 30. Kxe2 1/2-1/2

[Event "CYCC U14"]
[Site "Windsor CAN"]
[Date "2010.07.08"]
[Round "5"]
[White "Su, Stanley"]
[Black "Bacic, Andrew"]
[Result "1-0"]
[WhiteElo "1698"]
[BlackElo "1156"]
[PlyCount "49"]
[EventDate "2010.07.06"]
[EventType "swiss"]
[EventRounds "7"]
[EventCountry "CAN"]

1. e4 d5 2. exd5 Qxd5 3. Nc3 Qd8 4. d4 Nc6 5. Nf3 Bf5 6. Bb5 a6 7. Ba4 b5 8.
Bb3 e6 9. O-O Nf6 10. Re1 Nb4 11. a3 Nbd5 12. Nxd5 Nxd5 13. Bg5 Be7 14. Bxe7
Nxe7 15. c3 O-O 16. Qd2 Ng6 17. Ne5 Nxe5 18. Rxe5 Qe7 19. Rae1 Rad8 20. Rxf5 g6
21. Rfe5 Rd6 22. Qf4 Rb8 23. h4 h5 24. d5 Re8 25. dxe6 1-0

[Event "CYCC U14"]
[Site "Windsor CAN"]
[Date "2010.07.08"]
[Round "5"]
[White "Wang, Yuekai"]
[Black "Jeyapragasan, Kuhan"]
[Result "1-0"]
[WhiteElo "1925"]
[BlackElo "1147"]
[PlyCount "83"]
[EventDate "2010.07.06"]
[EventType "swiss"]
[EventRounds "7"]
[EventCountry "CAN"]

1. e4 c5 2. Nf3 Nc6 3. d4 cxd4 4. Nxd4 Nf6 5. Nc3 d6 6. Bc4 e6 7. f3 a6 8. Bb3
Qb6 9. Be3 e5 10. Nf5 Qd8 11. g4 g6 12. Ng3 Bg7 13. Qd2 O-O 14. O-O-O Ne8 15.
Bh6 b5 16. Bxg7 Kxg7 17. h4 Nd4 18. Qe3 Qb6 19. Qd3 a5 20. g5 a4 21. Bd5 Ra5
22. Nce2 Ne6 23. Qc3 N8c7 24. a3 Rd8 25. f4 Kg8 26. fxe5 dxe5 27. Bxe6 Nxe6 28.
Rxd8+ Qxd8 29. Rd1 Nd4 30. Nxd4 exd4 31. Rxd4 Bd7 32. Rxd7 Qxd7 33. Qxa5 Qg4
34. Qc3 Qxh4 35. Qe3 Qh3 36. e5 Kg7 37. Kd2 Qg2+ 38. Ne2 Qd5+ 39. Qd4 Qe6 40.
Nf4 Qf5 41. e6+ Kg8 42. e7 1-0

[Event "CYCC U14"]
[Site "Windsor CAN"]
[Date "2010.07.08"]
[Round "6"]
[White "Cheng, Guy"]
[Black "Granville, Matt"]
[Result "1-0"]
[WhiteElo "1404"]
[BlackElo "893"]
[PlyCount "73"]
[EventDate "2010.07.06"]
[EventType "swiss"]
[EventRounds "7"]
[EventCountry "CAN"]

1. d4 e6 2. c4 Bb4+ 3. Bd2 Bd6 4. Nf3 g5 5. Bxg5 Ne7 6. c5 h6 7. cxd6 hxg5 8.
dxe7 Kxe7 9. Qd2 f6 10. Qb4+ d6 11. Nc3 a5 12. Qb3 Nc6 13. e4 Rb8 14. d5 g4 15.
Nd2 a4 16. Qxa4 b5 17. Bxb5 Bd7 18. dxc6 Be8 19. O-O Rh4 20. Rad1 Qc8 21. Nc4
Bd7 22. cxd7 Qh8 23. Nxd6 Qg8 24. Nc8+ Rxc8 25. dxc8=Q Qxc8 26. Nd5+ exd5 27.
exd5 Rh8 28. Rfe1+ Kf8 29. Re8+ Kf7 30. Rxc8 Rxc8 31. g3 c5 32. dxc6 f5 33.
Rd7+ Kf6 34. Qd4+ Kg5 35. Rg7+ Kh6 36. Qf6+ Kh5 37. Qg5# 1-0

[Event "CYCC U14"]
[Site "Windsor CAN"]
[Date "2010.07.08"]
[Round "6"]
[White "Farrant-Diaz, Nathan"]
[Black "Zhao, Donovan"]
[Result "1/2-1/2"]
[WhiteElo "1716"]
[BlackElo "1656"]
[PlyCount "37"]
[EventDate "2010.07.06"]
[EventType "swiss"]
[EventRounds "7"]
[EventCountry "CAN"]

1. e4 d6 2. d4 Nf6 3. Nc3 g6 4. Be3 c6 5. Qd2 b5 6. a3 a6 7. g3 Nbd7 8. Bg2 Bb7
9. Nf3 Qc7 10. O-O Ng4 11. Rad1 Nxe3 12. fxe3 Bg7 13. Rf2 O-O 14. Rdf1 f6 15.
Bh3 e5 16. d5 Nb6 17. b3 c5 18. a4 b4 19. Nd1 1/2-1/2